00469nam a2200121Ia 4500008004100000100002500041245007400066245008800140260004900228260000900277650001300286856004800299170221s9999 xx 000 0 und d aDickinson, J. Barry. 2aA conceptual model of reference price formation for consumer services cJ. Barry Dickinson, Holy Family University; Carleen D. Dickinson, Rowan University. bJournal of Management and Marketing Research c2015 xBusiness uhttp://www.aabri.com/manuscripts/121227.pdf